Bilecik Bilecik Bilecik Bilecik Bilecik

Peygamberane bir şair ve filozof : (Record no. 8788)

MARC details
000 -BAŞLIK
Sabit Uzunluktaki Kontrol Alanı 02041nam a22003497a 4500
001 - KONTROL NUMARASI
Control Dosyası 0008816
003 - KONTROL NUMARASI KİMLİĞİ
Kontrol Alanı KOHA_MİRAKIL
005 - EN SON İŞLEM TARİHİ ve ZAMANI
Kontrol Alanı 20260207001649.0
007 - FİZİKSEL TANIM SABİT ALAN - GENEL BİLGİ
Sabit uzunluklu kontrol alanı ta
008 - SABİT UZUNLUKTAKİ VERİ ÖGELERİ - GENEL BİLGİ
Sabit Alan 091013b2007 tu |||gr||||#||||1|tur |
020 ## - ISBN - ULUSLARARASI STANDART KİTAP NUMARASI
Isbn 9754376115
040 ## - KATALOGLAMA KAYNAĞI
Özgün Kataloglama Kurumu TR-BiSEU
Kataloglama Dili tur
Çeviri Kurumu TR-BiSEU
Açıklama Kuralları rda
041 0# - DİL KODU
Metin ya da ses kaydının dil kodu tur
044 ## - YAYINLAYAN/ÜRETEN KURULUŞUN ÜLKE KODU
ISO country code tu
050 ## - SINIFLAMA ve YER NUMARASI
Sınıflama Numarası PL6561
Yer Numarası .S56 2007
100 1# - KİŞİ ADI
Yazar Adı (Kişi adı) Schimmel, Annemarie.
245 1# - ESER ADI BİLDİRİMİ
Başlık Peygamberane bir şair ve filozof :
Alt Eseradı vb. Muhammed İkbal/
Sorumluluk Bildirimi Annemarie Schimmel ; Annemarie Schimmel; çeviren Senail Özkan.
264 #1 - ÜRERİM, YAYIN, DAĞITIM ve TELİF BİLDİRİMİ
Yayın yeri İstanbul :
Yayınlayan Ötüken Yayınları
Yayın tarihi 2007
300 ## - FİZİKSEL TANIMLAMA
Sayfa, Cilt vb. 247 sayfa
336 ## - İÇERİK TÜRÜ
Content type term metin
Content type code txt
Source rdacontent
337 ## - MEDYA TÜRÜ
Media type term aracısız
Media type code n
Source rdamedia
338 ## - TAŞIYICI TÜRÜ
Carrier type term cilt
Carrier type code nc
Source rdacarrier
490 1# - DİZİ BİLDİRİMİ
Dizi Bildirimi Ötüken yayın nu ;
Cilt Numarası 674.
490 1# - DİZİ BİLDİRİMİ
Dizi Bildirimi Kültür serisi ;
Cilt Numarası 327.
500 ## - GENEL NOT
Genel Not Kaynakça ve dizin var.
505 ## - İÇİNDEKİLER NOTU
İçindekiler Notu "Allâme İkbal'i, âlim bir muhibbinin, Prof. Dr. Annemarie Schimmel'in kaleminden okumak, aynı zamanda iki poetik ruhun ipek kanatları üzerinde bir haz âlemine kanatlanmak olsa gerektir. İkbal ve Schimmel tasavvufta bulundukları mevki itibariyle birbirlerine çok benzerler. Çünkü ikisinin de ruh eğitimcisi tasavvufun kutup yıldızı Mevlânâ Celâleddin Rûmî'dir. İkisi de hiçbir zaman onun yörüngesinden çıkmamışlardır. Bunun haricinde ikisinin de Doğuda ve Batıda beslendikleri şiir, mistisizm, metafizik, sanat ve tefekkür kaynakları, küçük nüanslar bir tarafa bırakılırsa, neredeyse aynıdır. Sözgelimi Muhammed İkbal'in hayran olduğu, Faust'unu "ferdîleşmiş insanlık" (individüalisierte Menscheit) olarak kabul ettiği Goethe, Divina Commedia'nın şairi Dante, Nietzsche, Bergson ve Massignon gibi birçok Batılı dehâ, Annemarie Schimmel'in de şahsiyetini hazırlayan büyük düşünürlerdir."
650 #0 - KONU BAŞLIĞI EK GİRİŞ - KONU TERİMİ
Konusal terim veya coğrafi ad Iqbal, Muhammad, Sir, 1877-1938.
9 (RLIN) 22142
650 #0 - KONU BAŞLIĞI EK GİRİŞ - KONU TERİMİ
Konusal terim veya coğrafi ad Criticism and interpretation.
9 (RLIN) 9947
830 1# - SERİ EK GİRİŞİ - TEKBİÇİM ESER ADI
Tekbiçim Başlık Ötüken yayın nu ;
Volume number/sequential designation 674.
9 (RLIN) 22143
830 1# - SERİ EK GİRİŞİ - TEKBİÇİM ESER ADI
Tekbiçim Başlık Kültür serisi ;
Volume number/sequential designation 327.
9 (RLIN) 5523
942 ## - EK GİRİŞ ÖGELERİ (KOHA)
Source of classification or shelving scheme Library of Congress Classification
Koha item type Book
Holdings
Materyal Türü Kalıcı Konum Mevcut Konum Raf Yeri Sınıflandırma Kaynağı Edinim Bilgisi Ana Konular Alt Konular Yer Numarası Demirbaş Numarası Fatura Tarihi Maliyet, Alış Fiyatı Maliyet, Yenileme Fiyatı Geri Çekilme Durumu Kayıp Durumu Hasarlı Durumu Kredi için değil Kayıt Tarih Toplam Ödünçverme Son Görülme Tarihi Son Kontrol Tarihi Genel / Bağış Notu
Book Prof. Dr. Azmi Özcan Kütüphanesi Prof. Dr. Azmi Özcan Kütüphanesi Birûni Salonu Library of Congress Classification Bağış DİL VE EDEBİYAT Doğu Asya, Afrika, Okyanusya Dilleri ve Edebiyatları PL6561 .S56 2007 0008816 13/08/2010 12.00 12.00         13/10/2009 5 05/12/2024 05/12/2024 Ötüken Yayınevi